Julius Nyerere's (Record no. 7104)
[ view plain ]
| 000 -LEADER | |
|---|---|
| fixed length control field | 01527nam a2200445Mc 4500 |
| 001 - CONTROL NUMBER | |
| control field | on1240329472 |
| 003 - CONTROL NUMBER IDENTIFIER | |
| control field | OCoLC |
| 005 - DATE AND TIME OF LATEST TRANSACTION | |
| control field | 20240822131807.0 |
| 006 - FIXED-LENGTH DATA ELEMENTS--ADDITIONAL MATERIAL CHARACTERISTICS--GENERAL INFORMATION | |
| fixed length control field | m d |
| 007 - PHYSICAL DESCRIPTION FIXED FIELD--GENERAL INFORMATION | |
| fixed length control field | cr ||||||||||| |
| 008 - FIXED-LENGTH DATA ELEMENTS--GENERAL INFORMATION | |
| fixed length control field | 210208s2021 xx o 00| 0 eng |
| 015 ## - NATIONAL BIBLIOGRAPHY NUMBER | |
| National bibliography number | 21,O03 |
| Source | dnb |
| 016 7# - NATIONAL BIBLIOGRAPHIC AGENCY CONTROL NUMBER | |
| Source | DE-101 |
| Record control number | 1226717217 |
| 020 ## - INTERNATIONAL STANDARD BOOK NUMBER | |
| International Standard Book Number | 9786203198218 |
| 020 ## - INTERNATIONAL STANDARD BOOK NUMBER | |
| International Standard Book Number | 6203198218 |
| 024 3# - OTHER STANDARD IDENTIFIER | |
| Standard number or code | 9786203198218 |
| 024 8# - OTHER STANDARD IDENTIFIER | |
| Source of number or code | urn |
| Standard number or code | urn:nbn:de:101:1-2021020815182353162621 |
| 035 ## - SYSTEM CONTROL NUMBER | |
| System control number | (OCoLC)1240329472 |
| 040 ## - CATALOGING SOURCE | |
| Original cataloging agency | GWDNB |
| Language of cataloging | ger |
| Transcribing agency | GWDNB |
| 041 0# - LANGUAGE CODE | |
| Field link and sequence number | 1\p |
| Language code of text/sound track or separate title | eng |
| 044 ## - COUNTRY OF PUBLISHING/PRODUCING ENTITY CODE | |
| ISO country code | ZZ |
| 049 ## - LOCAL HOLDINGS (OCLC) | |
| Holding library | TZAA |
| 050 ## - LIBRARY OF CONGRESS CALL NUMBER | |
| Classification number | DT448 |
| Item number | .S26 2021 |
| 100 1# - MAIN ENTRY--PERSONAL NAME | |
| Field link and sequence number | 2\p |
| Personal name | Sanga (PhD), Innocent |
| Relator term | Verfasser |
| Relator code | aut |
| 245 10 - TITLE STATEMENT | |
| Title | Julius Nyerere's |
| Remainder of title | Philosophy of Human Dignity |
| Statement of responsibility, etc | INNOCENT Sanga (PhD) |
| 250 ## - EDITION STATEMENT | |
| Edition statement | 1. Auflage |
| 260 ## - PUBLICATION, DISTRIBUTION, ETC. (IMPRINT) | |
| Place of publication, distribution, etc | Beau Bassin, Mauritius |
| Name of publisher, distributor, etc | Lambert Academic |
| Date of publication, distribution, etc | 2021. |
| 300 ## - PHYSICAL DESCRIPTION | |
| Extent | 185 pg |
| 500 ## - GENERAL NOTE | |
| General note | Vom Verlag als Druckwerk on demand und/oder als E-Book angeboten |
| 583 1# - ACTION NOTE | |
| Action | Archivierung/Langzeitarchivierung gew�ahrleistet |
| Institution to which field applies | DE-101 |
| Source of term | pdager |
| 650 ## - SUBJECT ADDED ENTRY--TOPICAL TERM | |
| Topical term or geographic name as entry element | Nyerere |
| General subdivision | Teachings |
| 653 ## - INDEX TERM--UNCONTROLLED | |
| Uncontrolled term | (Produktform)Electronic book text |
| 653 ## - INDEX TERM--UNCONTROLLED | |
| Uncontrolled term | Philosophy of Human Dignity |
| 653 ## - INDEX TERM--UNCONTROLLED | |
| Uncontrolled term | (BISAC region code)3.3.8.0.0.0.0 |
| 653 ## - INDEX TERM--UNCONTROLLED | |
| Uncontrolled term | (VLB-WN)1520: Philosophie |
| 856 40 - ELECTRONIC LOCATION AND ACCESS | |
| Uniform Resource Identifier | <a href="https://nbn-resolving.org/urn:nbn:de:101:1-2021020815182353162621">https://nbn-resolving.org/urn:nbn:de:101:1-2021020815182353162621</a> |
| 856 #0 - ELECTRONIC LOCATION AND ACCESS | |
| Uniform Resource Identifier | <a href="https://d-nb.info/1226717217/34">https://d-nb.info/1226717217/34</a> |
| 856 4# - ELECTRONIC LOCATION AND ACCESS | |
| Uniform Resource Identifier | <a href="https://www.lap-publishing.com">https://www.lap-publishing.com</a> |
| 942 ## - ADDED ENTRY ELEMENTS (KOHA) | |
| Source of classification or shelving scheme | Library of Congress Classification |
| Koha item type | Books |
| Home library | Current library | Date acquired | Full call number | Barcode | Koha item type |
|---|---|---|---|---|---|
| African Court on Human and Peoples' Rights Library | African Court on Human and Peoples' Rights Library | 22/08/2024 | DT448 .S26 2021 | 10186999 | Books |
